|
|
|
|
| LEADER |
01055nam a22002297i 4500 |
| 001 |
10078371 |
| 003 |
GR-PaULI |
| 005 |
20190529083838.0 |
| 008 |
170712s1993 gr g 1 gre d |
| 020 |
|
|
|a 9607262794
|
| 040 |
|
|
|a GR-PaULI
|b gre
|c GR-PaULI
|e AACR2
|
| 082 |
0 |
4 |
|a 889.14
|2 23
|
| 100 |
1 |
|
|a Ζαμάρου, Ρένα
|9 77383
|e συγγραφέας
|
| 245 |
1 |
0 |
|a Ο ποιητής Νίκος Εγγονόπουλος :
|b επίσκεψη τόπων και προσώπων /
|c Ρένα Ζαμάρου.
|
| 260 |
|
|
|a Αθήνα :
|b Καρδαμίτσα,
|c 1993.
|
| 300 |
|
|
|a 141 σ. ;
|c 21 εκ.
|
| 504 |
|
|
|a Περιλαμβάνει βιβλιογραφία και ευρετήριο.
|
| 600 |
1 |
4 |
|a Εγγονόπουλος, Νίκος,
|d 1907-1985
|x Ερμηνεία και κριτική
|9 53280
|
| 942 |
|
|
|2 ddc
|c BK15
|
| 952 |
|
|
|0 0
|1 0
|2 ddc
|4 0
|6 889_140000000000000_ΕΓΓ_ΖΑΜ
|7 0
|9 213848
|a THST
|b THST
|d 2017-07-12
|i 006473
|l 0
|o 889.14 ΕΓΓ ΖΑΜ
|p 025000012645
|r 2017-07-12 00:00:00
|t 1
|w 2017-07-12
|y BK15
|
| 998 |
|
|
|c ΜΑΝΙΑ
|d 2017-07
|
| 999 |
|
|
|c 130006
|d 130006
|